000 00690nam a2200217Ia 4500
003 OSt
005 20250205112425.0
008 210716s2004 xx 000 0 und d
020 _a9780131018841
040 _cAIMIT LIBRARY
041 _aeng
082 _a658.406
_21
_bHARA
100 _aHartman, Amir.
_9197740
245 _aRuthless execution:
_bwhat business leaders do when their companieshit the wall /
_cBy Amir Hartman.
250 _a1st ed.
260 _aNew York :
_bPrentice Hall ;
_c2004.
300 _axxiii,223p. ;
_bPB
_c23 cm.
650 _aManaging through tough times
_9197741
650 _aBreaking through the wall
_9197742
942 _2ddc
_cBK
_e1st ed.
_k658.406 HARA
999 _c206278
_d206278